Представление документа в формате RUSMARC

ПолеНазваниеЗначение
  Тип записи a
  Библиографический уровень m
001 Контрольный номер RU/IS/BASE/413376016
005 Дата корректировки 20240209174456.9
010 Индекс ISBN __
a ISBN 978-5-93196-946-6
d Цена 165 р. 00 к.
9 Тираж 10 000 экз.
100 Данные общей обработки __
a Данные общей обработки 20130205d2013 ||| 0rusy0189 ca
101 Язык документа 0_
a Язык текста rus
102 Страна публикации __
a Страна публикации RU
105 Кодированные данные (монография) __
a Кодированные данные (монография) y###||||000|y
200 Заглавие и сведения об ответственности 1_
a Заглавие Общестроительные отделочные работы
b Общее обозначение материала Текст
e Сведения, относящиеся к заглавию практическое пособие для строителя
g Последующие сведения об ответственности сост. Е. М. Костенко
210 Выходные данные 1_
a Место издания Москва
c Издательство ЭНАС
d Дата издания 2009
215 Физическое описание __
a Объем 303, [1] с.
c Иллюстрации/тип воспроизводства ил.
d Формат 20 см.
225 Серия 0_
a Серия Книжная полка строителя
300 Общие примечания __
a Общие примечания Ограничения по возрасту - 18+
606 Тематические рубрики 0_
a Основная рубрика Технология строительного производства - Отделочные работы
610 Ключевые слова 0_
a Ключевые слова работы штукатурные
a Ключевые слова работы малярные
a Ключевые слова работы облицовочные
a Ключевые слова работы обойные
a Ключевые слова безопасность труда
a Ключевые слова охрана труда
a Ключевые слова строительство
a Ключевые слова отделочные работы
686 Индексы других классификаций __
a Классификационный индекс 38.639
2 Код системы ББК
801 Источник записи _0
a Страна RU
b Организация МБУК ЦБС г. Ульяновска
c Дата составления 20130205
g Правила каталогизации RCR
801 Источник записи _1
a Страна RU
b Организация МБУК ЦБС г. Ульяновска
c Дата составления 20130205
g Правила каталогизации RCR
899 Данные о местонахождении __
i Авторский знак О-28
j Расстановочный фильтр 38.639
901 Тип документа __
t Тип документа m
910 Корректоры записи __
a Корректор записи Тихонова